New Orleans Saints Starting Quarterbacks of Super Bowl Era - Statistics

General Stats
  • This quiz has been taken 198 times
    83 since last reset
  • The average score is 13 of 40
Answer Stats
Answer % Correct
Derek Carr
100%
Drew Brees
100%
Archie Manning
91%
Spencer Rattler
88%
Jameis Winston
86%
Aaron Brooks
70%
Andy Dalton
65%
Teddy Bridgewater
65%
Taysom Hill
63%
Jake Haener
58%
Ian Book
47%
Ken Stabler
42%
Bobby Herbert
40%
Billy Joe Tolliver
37%
Trevor Siemian
37%
Billy Joe Hobert
28%
Dave Wilson
28%
Jim Everett
28%
Wade Wilson
28%
Luke McCown
26%
Billy Kilmer
23%
Steve Walsh
21%
Jake Delhomme
19%
Bobby Scott
14%
Danny Wuerffel
14%
Jeff Blake
14%
Edd Hargett
12%
Richard Todd
12%
Bobby Douglass
9%
Heath Shuler
9%
John Fourcade
9%
Kerry Collins
9%
Doug Nussmeier
7%
Karl Sweetan
7%
Mark Brunnell
7%
Guido Merkens
5%
Gary Guozzo
2%
Larry Cipa
2%
Mike Buck
2%
Todd Bouman
2%
No matching quizzes found
Score Distribution
Percent of People with Each Score
Percentile by Number Answered
Your Score History
You have not taken this quiz since the last reset